000 00468nam a2200181Ia 4500
001 10582
005 20260306161843.0
008 260306t1980||||xx |||||||||||||| ||spa||
041 _aESP
082 _a940.548173
_bM
100 _aManchester, William Raymond, [1922-2004]
_eAUT
245 0 _aGoodbye, darkness:
_ba memoir of the pacific war
260 _c1980
300 _a401 páginas :
_c24 cm.
650 _aGEN
654 _aCHU
942 _cLIB
_dJUS
_fJUS
_2ddc
_n
999 _c10582
_d10582